书目信息 |
| 题名: |
官场现形记
|
|
| 作者: | 李宝嘉 著 | |
| 分册: | 中册 | |
| 出版信息: | 呼和浩特 远方出版社 2006 |
|
| 页数: | 265-538页 | |
| 开本: | 21cm | |
| 丛书名: | 中国古典文学名著 | |
| 单 册: | ||
| 中图分类: | I242.3 | |
| 科图分类: | ||
| 主题词: | 话本小说--hua ben xiao shuo--中国--清代--选集 | |
| 电子资源: | ||
| ISBN: | 7-80595-682-0 | |
| 000 | 00840nam 2200241 450 | |
| 001 | 012006025112 | |
| 005 | 20231007153535.09 | |
| 010 | @a7-80595-682-0@b精装@dCNY111.00 | |
| 100 | @a20061009d2006 km y0chiy0120 ea | |
| 101 | 0 | @achi |
| 102 | @aCN@b150000 | |
| 105 | @af z 000ay | |
| 200 | 1 | @a官场现形记@Aguan chang xian xing ji@h中册@f(清) 李宝嘉著@F(qing)li bao jia zhu |
| 210 | @a呼和浩特@c远方出版社@d2006 | |
| 215 | @a265-538页@d21cm | |
| 225 | 2 | @a中国古典文学名著@Azhong guo gu dian wen xue ming zhu |
| 330 | @a本书内容包括:叩辕门荡妇觅情郎 奉板慈亲勖孝子,讯奸情臬司惹笑柄 造假信观察赚优差等内容。 | |
| 410 | 0 | @12001 @a中国古典文学名著 |
| 606 | 0 | @a话本小说@Ahua ben xiao shuo@y中国@z清代@j选集 |
| 690 | @aI242.3@v4 | |
| 701 | 0 | @a李宝嘉@Ali bao jia@4著 |
| 801 | 0 | @aCN@bRULIN@c20081230 |
| 905 | @aZUCC@dI242.3@eL122:2 | |
| 官场现形记.中册/(清) 李宝嘉著.-呼和浩特:远方出版社,2006 |
| 265-538页;21cm.-(中国古典文学名著) |
| ISBN 7-80595-682-0(精装):CNY111.00 |
| 本书内容包括:叩辕门荡妇觅情郎 奉板慈亲勖孝子,讯奸情臬司惹笑柄 造假信观察赚优差等内容。 |
| ● |
| 相关链接 |
|
|
|
正题名:官场现形记
索取号:I242.3/L122:2
 
预约/预借
| 序号 | 登录号 | 条形码 | 馆藏地/架位号 | 状态 | 备注 |
| 1 | 720700 | 207207002 | 文学库108/108文学库 21排6列4层/ [索取号:I242.3/L122:2] | 在馆 | |
| 2 | 720701 | 207207011 | 文学库108/108文学库 15排10列2层/ [索取号:I242.3/L122:2] | 在馆 | |
| 3 | 720702 | 207207020 | 文学库108/ [索取号:I242.3/L122:2] | 在馆 | |
| 4 | 720704 | 207207048 | 文学库108/108文学库 15排10列2层/ [索取号:I242.3/L122:2] | 在馆 |